You Have Knee Surgery, Mr. Grinch - Lyrics - Statistics

General Stats
  • This quiz has been taken 31 times
  • The average score is 6 of 18
Answer Stats
Answer % Correct
You have {knee surgery}, Mr. Grinch
94%
You're as {skibidi} as a toilet
61%
You can't rizz up the {huzz}
50%
You lost {aura}, Mr. Grinch
50%
Your {gyatt} is kinda sus
44%
Wipe or let it {crust}?
39%
And your {taper fade} is buzzed, Mr. Grinch
28%
Go find you a {chuzz}
28%
You have {ligma}, Mr. Grinch
28%
You're as sigma as a {beta}
28%
Given the fact that you're never wearing {pants}
22%
I have one {question} do you
22%
You're as washed up as {Hawk Tuah}
22%
Your {streak} is 'bout to bust, Mr. Grinch
22%
And your {glizzy}'s getting limp, Mr. Grinch
17%
Guess you've gotta {shrimp}!
17%
You don't have a {winter arc}
17%
You really have no {drip}
17%
No matching quizzes found
Score Distribution
Percent of People with Each Score
Percentile by Number Answered
Your Score History
You have not taken this quiz